Movies Quiz

Random Movies or Animal Quiz
Score 0/17 Timer 05:00
0 Plays Today
% Correct
Narnia Franchise
95.8%
The Lion King
92.8%
Madagascar Franchise
91.7%
The Wizard of Oz
91%
Hercules
90.8%
Robin Hood
86.2%
George of the Jungle
83.5%
Tarzan and his Mate
79.2%
Jumanji
77.1%
% Correct
Zootopia
73.9%
We Bought A Zoo
68%
Zookeeper
55.1%
Rudolph the Red-Nosed Reindeer
47.7%
Born Free
35.1%
Bedknobs & Broomsticks
30.1%
The Ghost and the Darkness
20.7%
Fantastic Beasts & Where to Find Them
19.2%
Come Together.
Have Fun.
All Virtual.
We all need to come together. Play Sporcle's virtual live trivia to have fun, connect with people, and get your trivia on. Join a live hosted trivia game for your favorite pub trivia experience done virtually. If a virtual private party is more your thing, go here for details.

You're not logged in!

Compare scores with friends on all Sporcle quizzes.
OR
Log In

Sporcle TV

Today on Sporcle TV


Watch our educational content, quiz creation guides, and fun videos on Sporcle TV.

Show Comments

Extras

Top Quizzes Today


Score Distribution

Paid Content

Your Account Isn't Verified!

In order to create a playlist on Sporcle, you need to verify the email address you used during registration. Go to your Sporcle Settings to finish the process.

Report this User

Report this user for behavior that violates our Community Guidelines.

Details: